000 00786nam a2200325Ia 4500
005 20260514124338.0
008 008 261405s9999 xx 000 0 eng d
037 _aThesis
040 _aCRL
040 _beng
040 _cCRL
041 _2eng
041 _aeng
084 _qCRL
100 _aSingh Dr.Giriraj
_91239471
245 0 _aDiffusion and Perfusion MRI in Evaluation of Intracranial Masses.
260 _aDelhi
260 _bUniversity of Delhi
260 _c2016
300 _a65p.
502 _bPh.D.
502 _cUniversity of Delhi
502 _d2016
541 _oThesis
650 _aRadiodiagnosis
_91239449
700 _aCol CM Sreedhar
_91239472
710 _aRadiodiagnosis
_91239454
942 _cTH
999 _c1851704
_d1851704